000 00304nam a22001337a 4500
008 170919b xxu||||| |||| 00| 0 eng d
020 _a9780671625535
041 _aeng
080 _a7
100 _a44
101 _aART
245 _aTHE FIRESIDE COMPANION TO THE THEATRE
_cMORDDEN,E
942 _2udc
_cBK
999 _c28156
_d28156